| 000 | 00858ngm a22003250a 4500 | ||
|---|---|---|---|
| 001 | PT16707 | ||
| 003 | AR-LpoUNG | ||
| 005 | 20210202000233.0 | ||
| 007 | vd cvaizq | ||
| 008 | 191001s1958||||ag |||||||||||||||||spa d | ||
| 037 | _c$6.63 | ||
| 040 |
_aAR-LpoUNG _bspa _cAR-LpoUNG _eaacr |
||
| 041 | _aspa | ||
| 044 | _aag | ||
| 082 | 0 | _a307.24 372det | |
| 100 | 1 |
_aDemare, Lucas _edir. |
|
| 245 | 1 | 0 | _aDetrás de un largo muro |
| 260 |
_aBuenos Aires : _bCultural Video, _c1958. |
||
| 300 | _aVHS (82 min.) son., byn | ||
| 505 | 0 | _aGuión: Sixto Pondal Ríos ; fotografía: Antonio Merayo. | |
| 650 | 4 | _aCOMUNIDADES RURALES | |
| 650 | 4 | _aMIGRACION INTERNA | |
| 650 | 4 | _aMIGRACION RURAL - URBANA | |
| 650 | 4 | _aPROBLEMAS SOCIALES | |
| 650 | 4 | _aSOCIEDAD | |
| 653 | _aCINE ARGENTINO | ||
| 653 | _aVIDEOS | ||
| 905 | _a16707 | ||
| 942 | _cVIDEO | ||
| 999 |
_c54402 _d54402 |
||